[Event "CXU Nytår 2015 Øbro"]
[Site "?"]
[Date "2015.12.28"]
[Round "4.10"]
[White "Haubro, 2158, Sigfred"]
[Black "Schou-Moldt, 2230, Thomas"]
[Result "0-1"]
[BlackElo "2230"]
[WhiteElo "2158"]
[LiveChessVersion "1.4.6"]

1. Nf3 {[%clk 1:59:07]} g6 {[%clk 1:59:51]} 2. e4 {[%clk 1:58:42]} d6
{[%clk 1:59:49]} 3. d4 {[%clk 1:57:58]} Bg7 {[%clk 1:59:35]} 4. Be2
{[%clk 1:57:03]} Nf6 {[%clk 1:59:07]} 5. Nc3 {[%clk 1:56:53]} O-O
{[%clk 1:58:52]} 6. O-O {[%clk 1:56:45]} c5 {[%clk 1:58:04]} 7. h3
{[%clk 1:53:12]} cxd4 {[%clk 1:57:53]} 8. Nxd4 {[%clk 1:53:05]} Nc6
{[%clk 1:57:49]} 9. Be3 {[%clk 1:51:39]} Bd7 {[%clk 1:57:39]} 10. Qd2
{[%clk 1:50:22]} a6 {[%clk 1:55:34]} 11. Rad1 {[%clk 1:45:50]} Rc8
{[%clk 1:55:14]} 12. Nxc6 {[%clk 1:33:15]} Bxc6 13. Bd3 {[%clk 1:30:55]} d5
{[%clk 1:47:28]} 14. exd5 {[%clk 1:17:31]} Nxd5 {[%clk 1:44:29]} 15. Rfe1
{[%clk 1:12:11]} Nxc3 {[%clk 1:38:38]} 16. bxc3 {[%clk 1:11:59]} Qa5
{[%clk 1:34:32]} 17. c4 {[%clk 1:01:55]} Bc3 {[%clk 1:22:39]} 18. Qe2
{[%clk 1:01:49]} Rfe8 {[%clk 1:19:33]} 19. Rf1 {[%clk 0:59:21]} e5
{[%clk 1:19:19]} 20. Qg4 {[%clk 0:58:57]} e4 {[%clk 1:18:01]} 21. Be2
{[%clk 0:58:44]} Qxa2 {[%clk 1:15:29]} 22. Qg5 {[%clk 0:56:31]} Qa5
{[%clk 1:14:02]} 23. c5 {[%clk 0:51:47]} Qc7 {[%clk 1:10:32]} 24. h4
{[%clk 0:41:28]} Qe7 {[%clk 1:08:18]} 25. Qg4 {[%clk 0:40:13]} Qe6
{[%clk 0:54:58]} 26. Qg5 {[%clk 0:36:40]} Qe7 {[%clk 0:44:27]} 27. Qg4
{[%clk 0:32:48]} h5 {[%clk 0:44:16]} 28. Qh3 {[%clk 0:30:45]} Be5
{[%clk 0:36:48]} 29. g4 {[%clk 0:27:06]} Qe6 {[%clk 0:30:49]} 30. Qg2
{[%clk 0:26:09]} hxg4 {[%clk 0:27:55]} 31. Bxg4 {[%clk 0:25:58]} f5
{[%clk 0:27:50]} 32. Bh3 {[%clk 0:25:41]} Rc7 {[%clk 0:23:51]} 33. Rd2
{[%clk 0:23:51]} Rh7 {[%clk 0:22:07]} 34. Rfd1 {[%clk 0:23:12]} Qf6
{[%clk 0:11:16]} 35. Bg5 {[%clk 0:14:37]} Qf8 {[%clk 0:10:59]} 36. Qf1
{[%clk 0:08:54]} Qxc5 {[%clk 0:06:00]} 37. Rd8 {[%clk 0:08:14]} Bc7
{[%clk 0:05:25]} 38. Rxe8+ {[%clk 0:06:40]} Bxe8 {[%clk 0:05:24]} 39. Bg2
{[%clk 0:05:52]} Bb5 {[%clk 0:03:15]} 40. Qe1 {[%clk 0:05:28]} Qe5
{[%clk 0:02:21]} 41. f4 {[%clk 0:05:07]} Qc5+ {[%clk 0:27:22]} 42. Kh2
{[%clk 0:30:28]} Rd7 {[%clk 0:24:05]} 43. Rxd7 {[%clk 0:26:38]} Bxd7
{[%clk 0:24:03]} 44. Qa1 {[%clk 0:24:31]} Qd6 {[%clk 0:21:48]} 45. Bh6
{[%clk 0:22:46]} Qe7 {[%clk 0:21:46]} 46. Bg5 {[%clk 0:22:35]} Bxf4+
{[%clk 0:21:07]} 47. Bxf4 {[%clk 0:19:56]} Qxh4+ {[%clk 0:21:01]} 48. Kg1
{[%clk 0:19:53]} Qxf4 {[%clk 0:20:55]} 49. Qa2+ {[%clk 0:19:02]} Kf8
{[%clk 0:20:28]} 50. Qa3+ {[%clk 0:18:11]} Ke8 {[%clk 0:19:19]} 51. Qc3
{[%clk 0:18:01]} Qc1+ {[%clk 0:15:58]} 52. Kh2 {[%clk 0:17:54]} Qh6+
{[%clk 0:15:44]} 53. Kg1 {[%clk 0:17:49]} Qf8 {[%clk 0:10:55]} 54. Bf1
{[%clk 0:16:56]} Kd8 {[%clk 0:09:48]} 55. Qe5 {[%clk 0:13:17]} Qe7
{[%clk 0:07:27]} 56. Qd5 {[%clk 0:10:52]} Kc7 {[%clk 0:06:30]} 57. Qa5+
{[%clk 0:09:55]} b6 {[%clk 0:04:42]} 58. Qxa6 {[%clk 0:08:48]} Qc5+
{[%clk 0:04:41]} 59. Kh1 {[%clk 0:08:32]} Bc6 {[%clk 0:04:39]} 60. Qa7+
{[%clk 0:06:42]} Bb7 {[%clk 0:04:37]} 61. Qa2 {[%clk 0:06:02]} e3+
{[%clk 0:04:25]} 62. Kh2 {[%clk 0:03:57]} Qe5+ {[%clk 0:04:10]} 63. Kh3
{[%clk 0:03:53]} f4 {[%clk 0:03:15]} 64. Qf7+ {[%clk 0:03:16]} Kb8
{[%clk 0:03:13]} 65. Qxg6 {[%clk 0:03:02]} f3 {[%clk 0:03:08]} 66. Qxb6
{[%clk 0:01:47]} e2 {[%clk 0:02:30]} 67. Kh4 {[%clk 0:01:06]} exf1=Q
{[%clk 0:02:00]} 68. Qd8+ {[%clk 0:01:00]} Ka7 {[%clk 0:01:55]} 69. Qa5+
{[%clk 0:00:58]} Qxa5 {[%clk 0:01:53]} 0-1